Ciberperiodismo: nuevos enfoques, conceptos y profesiones emergentes en el mundo infodigital

Saved in:
Bibliografiske detaljer
Main Authors: Flores Vivar, Jesús (Author), Arruti, Alberto Miguel (Author)
Format: Bog
Sprog:spansk
Udgivet: Ciudad de México Dos Mil Diez 2001
Ciudad de México Limusa 2001
Udgivelse:1a. ed
Fag:
Tags: Tilføj Tag
Ingen Tags, Vær først til at tagge denne postø!

MARC

LEADER 00000nam a2200000 a 4500
001 UCK5869
003 CL-VaPUC
008 050826e20010000mx |||||||||||||||||spa|d
020 |a 9681862384 
082 0 4 |a 384.3  |b FLO  |2 21 
100 0 |a Flores Vivar, Jesús  |e author  |9 494884 
700 0 |a Arruti, Alberto Miguel  |e author  |9 494885 
245 1 0 |a Ciberperiodismo: nuevos enfoques, conceptos y profesiones emergentes en el mundo infodigital 
250 |a 1a. ed 
300 |a 255 p 
942 |c BK 
945 |d 20050826 00:00:00  |a jcarroza 
260 |a Ciudad de México  |b Dos Mil Diez  |c 2001 
260 |a Ciudad de México  |b Limusa  |c 2001 
650 7 |a COMUNICACION ELECTRONICA  |2 CL-VaPUC  |9 464480 
650 0 |a Medios de comunicación  |9 257206 
650 7 |a PERIODISMO ELECTRONICO  |2 CL-VaPUC  |9 464481 
650 0 |a Internet   |9 254823 
583 |a last modification  |c 20171010 11:55:19  |k Rodrigo Vera 
999 |c 314321  |d 314319 
952 |0 0  |1 0  |4 0  |6 384_300000000000000_FLO_2001_2001  |7 0  |8 A  |9 386413  |a BIBCUR  |b BIBCUR  |d 2019-11-22  |i 4158016  |o 384.3 FLO 2001 2001  |p 4158016  |r 2025-04-22  |w 2019-11-22  |y BK  |k PER